Alló! alló! badalonins! / Jaume Mas
Publicado:
El Eco de Badalona, semanario independiente y de información, núm. 2 (gener 1936), pàg. 1 :
Descripción Física:
45 cm
MARC
| LEADER | 00000nam a2200000Ia 4500 | ||
|---|---|---|---|
| 001 | 22635 | ||
| 008 | 160829s9999 xx 000 0 cat d | ||
| 080 | |a FU-48-5 | ||
| 100 | |a Mas, Jaume |9 45053 | ||
| 245 | |a Alló! alló! badalonins! / Jaume Mas | ||
| 260 | |a El Eco de Badalona, semanario independiente y de información, núm. 2 (gener 1936), pàg. 1 | ||
| 300 | |a 45 cm | ||
| 610 | 2 | 0 | |a Museu de Badalona |9 54991 |
| 650 | |a Clos de la Torre (Badalona : Jaciment arqueològic) |9 46433 | ||
| 901 | |a Arxiu | ||
| 942 | |n 1 | ||
| 952 | |0 0 |1 0 |4 0 |6 FU485 |7 1 |9 52328 |a Arxiu |b Arxiu |d 2016-12-01 |l 0 |o FU-48-5 |p 22635 |r 2016-12-01 00:00:00 |w 2016-12-01 |y ARXIU | ||
| 999 | |c 56176 |d 56176 | ||